Gamification im Unterricht

Pojem gamifikácia. Gamifikácia vo výučbe.

Guardado en:
Detalles Bibliográficos
Autor principal: Hahn, Richard
Formato: Capítulo de libro
Lenguaje:alemán
Materias:
Etiquetas: Agregar Etiqueta
Sin Etiquetas, Sea el primero en etiquetar este registro!

MARC

LEADER 00000naa a2200000 4500
001 0241433
005 20240502083648.0
041 0 |a ger 
044 |a AT 
245 1 0 |a Gamification im Unterricht  |c Richard Hahn 
520 |a Pojem gamifikácia. Gamifikácia vo výučbe. 
610 2 0 |a výučba vedecká 
610 2 0 |a jazyky cudzie 
610 2 0 |a gamifikácia 
100 1 |a Hahn, Richard